Catálogo
 En Linea

La enseñanza del español como lengua materna : (Registro nro. 11565)

Detalles MARC
000 -CABECERA
campo de control de longitud fija 01098cam a2200229 a 4500
001 - NÚMERO DE CONTROL
campo de control 000011895
005 - FECHA Y HORA DE LA ÚLTIMA TRANSACCIÓN
campo de control 20200929162616.0
008 - DATOS DE LONGITUD FIJA--INFORMACIÓN GENERAL
campo de control de longitud fija 891122s1991 pr a b s101 0 spa
020 ## - NÚMERO INTERNACIONAL ESTÁNDAR DEL LIBRO
Número Internacional Estándar del Libro 0847736156
040 ## - FUENTE DE LA CATALOGACIÓN
Centro catalogador/agencia de origen DO-SdBNP
Lengua de catalogación spa
Centro/agencia transcriptor DLC
Centro/agencia modificador BNPHU
082 ## - NÚMERO DE LA CLASIFICACIÓN DECIMAL DEWEY
Número de clasificación 460.7
Número de documento/Ítem S471e
049 ## - FONDOS LOCALES (OCLC)
Fondos de biblioteca BNGR
111 2# - ENTRADA PRINCIPAL--NOMBRE DE CONGRESO/REUNIÓN
Nombre de congreso/reunión o jurisdicción como elemento de entrada Seminario Internacional sobre Aportes de la Lingüística a la Enseñanza del Español como Lengua Materna
Número del congreso/reunión o número de parte o sección 2a :
Fecha del congreso/reunión 1988 :
Sede del congreso/Lugar de la reunión Rio Piedras, San Juan, Puerto Rico
9 (RLIN) 28127
245 13 - MENCIÓN DE TÍTULO
Título La enseñanza del español como lengua materna :
Resto del título Actas del II Seminario Internacional sobre Aportes de la Lingüística a la Enseñanza del Español como Lengua Materna /
Mención de responsabilidad, etc. Humberto López Morales, editor.
260 ## - PUBLICACIÓN, DISTRIBUCIÓN, ETC.
Lugar de publicación, distribución, etc. Rio Piedras, (Puerto Rico) :
Nombre del editor, distribuidor, etc. Universidad de Puerto Rico,
Fecha de publicación, distribución, etc. 1991.
300 ## - DESCRIPCIÓN FÍSICA
Extensión 273 p. :
Otras características físicas il. ;
Dimensiones 23 cm.
504 ## - NOTA DE BIBLIOGRAFÍA, ETC.
Nota de bibliografía, etc. Incluye referencias bibliográficas.
650 #4 - PUNTO DE ACCESO ADICIONAL DE MATERIA--TÉRMINO DE MATERIA
Término de materia o nombre geográfico como elemento de entrada Idioma español
Subdivisión general Estudio y enseñanza
-- Congreso
9 (RLIN) 28128
650 #4 - PUNTO DE ACCESO ADICIONAL DE MATERIA--TÉRMINO DE MATERIA
Término de materia o nombre geográfico como elemento de entrada Español
Subdivisión general Enseñanza
-- Congresos, conferencias, etc.
9 (RLIN) 28129
700 1# - PUNTO DE ACCESO ADICIONAL--NOMBRE DE PERSONA
Nombre de persona López Morales, Humberto.
Término indicativo de función/relación ed.
9 (RLIN) 5734
910 ## - DATOS DE OPCIÓN DEL USUARIO (OCLC)
Datos de opción del usuario Catalogación por copia / LC
Existencias
Estado de retiro Estado de pérdida Restricciones de uso No para préstamo Código de colección Localización permanente Ubicación/localización actual Ubicación en estantería Fecha de adquisición Número de inventario Total de préstamos Signatura topográfica completa Código de barras Fecha visto por última vez Precio válido a partir de Tipo de ítem Koha
    Préstamo interno   Monografías: Libros y Folletos General General En catalogación 29.10.2009 LF1   460.7 S471e 11895-10 25.06.2020 25.06.2020 Préstamo interno

Con tecnología Koha